| 000 | 00951cam a22003373a 4500 | ||
|---|---|---|---|
| 001 | 0000671 | ||
| 003 | DO-SdBNP | ||
| 005 | 20171128144814.0 | ||
| 007 | 0000671 | ||
| 008 | 8611121974 sp ac 000 0 spa d | ||
| 010 | _a | ||
| 020 | _a8471790580 | ||
| 040 |
_aBPMSU _cspa _dBPMSU _d |
||
| 082 | 4 |
_asss _bsss |
|
| 100 | 1 | _a Frézal, J. | |
| 240 | 1 | 2 | _a |
| 245 | 1 | 0 |
_aGenética : _cJ. Frézal, J. Feingold, H. Tuchmann ; versión castellana Antonio Richs _benfermedades hereditarias del metabolismo embriopatías / |
| 260 |
_aBarcelona : _bEditorial Espaxs, _c1974 |
||
| 300 |
_a187p. ; _b _c28 cm. |
||
| 500 | _a | ||
| 600 |
_a _x |
||
| 650 | 4 | _aADN | |
| 650 | 4 | _aGENES | |
| 650 | 4 | _aGENÉTICA MOLECULAR | |
| 700 | 1 | 2 |
_aFeingold, J. _e |
| 700 | 1 | 2 | _aTuchmann, H. |
| 910 | _aValidado. Control de calidad MFF | ||
| 942 |
_2ddc _cBK |
||
| 945 | _aInventario extranjero / 2017 VM | ||
| 956 |
_2VMATEO _310 _820171128 _6BPMSU _a0069 |
||
| 999 |
_c13170 _d13170 |
||